Cada cual atienda su juego; de tradición oral y literatura /

Guardado en:
Autor Principal: Pelegrín, Ana
Formato: Libro
Publicado: Madrid : Cincel, 1984
Series:Expresi¢n y Escuela, 1
Materias:
Etiquetas: Agregar Etiqueta
Sin Etiquetas, Sea el primero en etiquetar este registro!
LEADER 00774nam a22002295a 4500
001 CEM.cems004972
005 20060217000000.0
008 130507s1984##################000#0#####d
003 CEMS
082 0 4 |a 372.21 
100 1 |a Pelegrín, Ana 
245 1 0 |a Cada cual atienda su juego; de tradición oral y literatura / 
260 |a Madrid :  |b Cincel,  |c 1984 
300 |a 240 p. 
490 0 |a Expresi¢n y Escuela, 1 
505 0 |a Juegos tradiciónales.- Juegos de tradici¢n oral.- Juegos en la literatura.- Breve noticia hist¢rica.- Propuestas creativas.- 
653 |a Educacion 
653 |a Educacion preescolar 
653 |a Juego dramatico 
653 |a Juego y literatura 
653 |a Literatura infantil 
859 |a CEMS  |b BIB. CEMS - 11 de abril  |h 372.21  |i P362  |p 15199.88  |t Ej.1